[Event "TCh-TUR Super League 2014"]
[Site "Kocaeli TUR"]
[Date "2014.08.20"]
[Round "3.4"]
[Board "6"]
[White "Yaka, Beyza"]
[Black "Asan, Elvan"]
[Result "0-1"]
[WhiteElo "1560"]
[BlackElo "1821"]
[WhiteTeam "Turk Hava Yollari Spor Kulubu"]
[BlackTeam "Istanbul Teknik Universitesi Socar – K.N.I."]
[WhiteFideId "6303641"]
[BlackFideId "6312209"]
[EventDate "2014.08.18"]

1. e4 c6 2. c4 g6 3. d4 Bg7 4. Nf3 d6 5. Be2 Nd7 6. O-O Ngf6 7. Nc3 O-O 8. Qc2
e5 9. d5 a5 10. dxc6 bxc6 11. Rd1 Qc7 12. Qd3 Ne8 13. Bg5 Nc5 14. Qd2 Ne6 15.
Bh6 Bxh6 16. Qxh6 Nf4 17. Rd2 f5 18. Bf1 Nf6 19. h3 fxe4 20. Ng5 d5 21. g3 d4
22. Ncxe4 Nxe4 23. Nxe4 Ne6 24. c5 Ba6 25. Bxa6 Rxa6 26. Rc1 Ra7 27. Rd3 Rb7 28.
Qd2 Rb5 29. Ra3 Rfb8 30. Rc2 Qa7 31. Kg2 Nxc5 32. Nxc5 Rxc5 33. Rxc5 Qxc5 34.
Rxa5 Qd6 35. Ra7 Qd5+ 36. Kh2 Qf3 37. Ra3 Qf6 38. Qe2 Rf8 39. f4 0-1

[Event "TCh-TUR Super League 2014"]
[Site "Kocaeli TUR"]
[Date "2014.08.20"]
[Round "3.4"]
[Board "7"]
[White "Ipatov, Alexander"]
[Black "Soysal, Serkan"]
[Result "1-0"]
[WhiteTitle "GM"]
[WhiteElo "2614"]
[BlackElo "2261"]
[WhiteTeam "Istanbul Teknik Universitesi Socar – K.N.I."]
[BlackTeam "Turk Hava Yollari Spor Kulubu"]
[WhiteFideId "14116731"]
[BlackFideId "6349250"]
[EventDate "2014.08.18"]

1. d4 Nf6 2. Bg5 Ne4 3. Bf4 c5 4. f3 Qa5+ 5. c3 Nf6 6. Nd2 cxd4 7. Nb3 Qf5 8.
Bxb8 Rxb8 9. Qxd4 b6 10. e4 Qf4 11. Nh3 Qc7 12. e5 Ng8 13. Nf2 f6 14. f4 Nh6 15.
Bd3 Nf7 16. exf6 gxf6 17. O-O-O Bh6 18. g3 Ne5 19. Bc2 Bb7 20. Rhe1 Kf7 21. Nd2
Nc6 22. Qd5+ Kf8 23. Qh5 Bg7 24. Nde4 Na5 25. Ng4 Nc4 26. Nh6 Bxh6 27. Qxh6+ Kf7
28. Ng5+ 1-0

[Event "TCh-TUR Super League 2014"]
[Site "Kocaeli TUR"]
[Date "2014.08.20"]
[Round "3.4"]
[Board "8"]
[White "Ozturk, Hilal"]
[Black "Abdumalik, Zhansaya"]
[Result "0-1"]
[BlackTitle "WGM"]
[WhiteElo "1816"]
[BlackElo "2333"]
[WhiteTeam "Turk Hava Yollari Spor Kulubu"]
[BlackTeam "Istanbul Teknik Universitesi Socar – K.N.I."]
[WhiteFideId "6315330"]
[BlackFideId "13703544"]
[EventDate "2014.08.18"]

1. e4 e5 2. Nf3 Nc6 3. Bb5 Nf6 4. O-O Nxe4 5. Re1 Nd6 6. Bf1 Be7 7. Nxe5 Nxe5 8.
Rxe5 O-O 9. d4 Bf6 10. Re1 Re8 11. c3 Rxe1 12. Qxe1 Ne8 13. d5 d6 14. Bd3 g6 15.
Nd2 Ng7 16. h3 Bd7 17. g4 h5 18. Qe2 Bh4 19. Ne4 f5 20. Ng3 fxg4 21. Bxg6 Qf6
22. Qd3 gxh3 23. Be3 Qf3 24. Be4 Qg4 25. Kh2 Bxg3+ 26. fxg3 Re8 27. Bh7+ Kh8 28.
Rf1 h4 29. Rg1 Qf3 0-1

[Event "TCh-TUR Super League 2014"]
[Site "Kocaeli TUR"]
[Date "2014.08.20"]
[Round "3.4"]
[Board "9"]
[White "Aydincelebi, Kagan"]
[Black "Eren, Ataberk"]
[Result "1/2-1/2"]
[WhiteTitle "FM"]
[WhiteElo "1811"]
[BlackElo "1799"]
[WhiteTeam "Istanbul Teknik Universitesi Socar – K.N.I."]
[BlackTeam "Turk Hava Yollari Spor Kulubu"]
[WhiteFideId "6361102"]
[BlackFideId "6349765"]
[EventDate "2014.08.18"]

1. e4 e6 2. d4 d5 3. Nc3 Nf6 4. Bg5 Bb4 5. e5 h6 6. Bd2 Bxc3 7. bxc3 Ne4 8. Qg4
g6 9. Bc1 c5 10. Bd3 Qa5 11. Ne2 cxd4 12. O-O dxc3 13. Bxe4 dxe4 14. Qxe4 Nc6
15. f4 Ne7 16. Be3 Nd5 17. Bd4 Bd7 18. Qf3 Rc8 19. Ng3 Rc4 20. Rfd1 Qa4 21. Qf2
Bc6 22. Ne4 O-O 23. a3 Qa5 24. Nd6 Ra4 25. Qh4 Kg7 26. Rab1 Qa6 27. Rd3 Qxd3 28.
cxd3 Rxd4 29. Ne4 Rxd3 30. Rc1 Re3 31. Nf6 Re2 32. Nxd5 Bxd5 33. Rxc3 Rxg2+ 34.
Kf1 b5 35. Qf6+ Kg8 36. Qh4 h5 37. Rc7 a5 38. Rc5 Ra2 39. f5 Bc4+ 40. Rxc4 bxc4
41. Qxc4 Rxa3 42. fxe6 fxe6+ 43. Ke2 Re8 44. Qc6 Kf7 45. Qc4 Re7 46. Qf4+ Ke8
47. Qc4 Rh3 48. Qc6+ Kf8 49. Qg2 Rb3 50. Qxg6 Rb2+ 51. Ke3 Rxh2 52. Kd4 a4 53.
Kc5 a3 54. Qh6+ Kg8 55. Qg6+ Rg7 56. Qxe6+ Kh7 57. Qf5+ Kg8 58. Qe6+ Kh7 59.
Qf5+ Kg8 1/2-1/2

[Event "TCh-TUR Super League 2014"]
[Site "Kocaeli TUR"]
[Date "2014.08.20"]
[Round "3.4"]
[Board "10"]
[White "Kaymaz, Lena Nur"]
[Black "Hereklioglu, Sude"]
[Result "1-0"]
[BlackTitle "WCM"]
[WhiteElo "1687"]
[BlackElo "1846"]
[WhiteTeam "Turk Hava Yollari Spor Kulubu"]
[BlackTeam "Istanbul Teknik Universitesi Socar – K.N.I."]
[WhiteFideId "6359990"]
[BlackFideId "6359531"]
[EventDate "2014.08.18"]

1. e4 c5 2. Nf3 e6 3. g3 a6 4. Bg2 Nc6 5. Nc3 b5 6. d4 cxd4 7. Nxd4 Qc7 8. O-O
Bb7 9. Re1 Nxd4 10. Qxd4 e5 11. Qd3 Rc8 12. Bh3 h6 13. Be3 Nf6 14. Rad1 b4 15.
Na4 Bxe4 16. Qd2 Be7 17. Nb6 Rd8 18. Na4 Qxc2 19. Bb6 Qxd2 20. Rxd2 Rc8 21.
Bxd7+ Nxd7 22. Rxe4 Rc1+ 23. Kg2 f5 24. Ree2 e4 25. f3 Nf6 26. Bd4 exf3+ 27.
Kxf3 Kf7 28. Bxf6 Kxf6 29. Nb6 Re8 30. Rd7 Rc5 31. Nd5+ Rxd5 32. Rxd5 Rc8 33.
Rde5 Bc5 34. Re6+ Kg5 35. h4+ Kh5 36. R2e5 g6 37. g4+ Kxh4 38. Rxg6 h5 39. Rxf5
Rf8 40. Rxf8 Bxf8 41. gxh5 Kxh5 42. Rxa6 Bg7 43. Rb6 Bf8 44. Ke4 Kg4 45. Kd3 Kf5
46. Kc4 Ke5 47. Rxb4 1-0

[Event "TCh-TUR Super League 2014"]
[Site "Kocaeli TUR"]
[Date "2014.08.20"]
[Round "3.5"]
[Board "1"]
[White "Dubov, Daniil"]
[Black "Ding, Liren"]
[Result "0-1"]
[WhiteTitle "GM"]
[BlackTitle "GM"]
[WhiteElo "2614"]
[BlackElo "2742"]
[WhiteTeam "Ankara Demirspor Kulubu"]
[BlackTeam "T.S. Alyans Satranc Spor Kulubu"]
[WhiteFideId "24126055"]
[BlackFideId "8603677"]
[EventDate "2014.08.18"]

1. e4 c6 2. Nc3 d5 3. Nf3 Bg4 4. h3 Bxf3 5. Qxf3 Nf6 6. e5 Nfd7 7. Qg3 e6 8. Be2
c5 9. O-O Nc6 10. f4 Nd4 11. Bd1 Nf5 12. Qf3 c4 13. b3 Rc8 14. bxc4 Rxc4 15. Ne2
Qb6+ 16. Kh2 g5 17. c3 h5 18. d4 g4 19. Qd3 Qd8 20. Ng3 Nxg3 21. Qxg3 f5 22.
exf6 Nxf6 23. Re1 Ne4 24. Rxe4 dxe4 25. Bb3 Rc7 26. f5 Bd6 27. Bf4 Bxf4 28. Qxf4
Rxc3 29. d5 Rf8 30. Qe5 Qc7 31. d6 g3+ 32. Kh1 Rc1+ 33. Bd1 Qc4 34. Qxg3 Rxa1
35. Qg6+ Kd8 36. Qg5+ Kc8 37. d7+ Kxd7 38. Qg7+ Kc6 39. Qxa1 Rxf5 0-1

[Event "TCh-TUR Super League 2014"]
[Site "Kocaeli TUR"]
[Date "2014.08.20"]
[Round "3.5"]
[Board "3"]
[White "Baklan, Vladimir"]
[Black "Haznedaroglu, Kivanc"]
[Result "1/2-1/2"]
[WhiteTitle "GM"]
[BlackTitle "GM"]
[WhiteElo "2655"]
[BlackElo "2471"]
[WhiteTeam "Ankara Demirspor Kulubu"]
[BlackTeam "T.S. Alyans Satranc Spor Kulubu"]
[WhiteFideId "14102196"]
[BlackFideId "6300634"]
[EventDate "2014.08.18"]

1. e4 e5 2. Nf3 Nc6 3. Bb5 a6 4. Ba4 Nf6 5. O-O Be7 6. d3 b5 7. Bb3 d6 8. a3 O-O
9. Nc3 Rb8 10. Nd5 Nxd5 11. Bxd5 Bd7 12. c3 Bf6 13. d4 Ne7 14. dxe5 dxe5 15. Ba2
Qc8 16. Be3 Be6 17. b4 Rd8 18. Qc2 Bxa2 19. Qxa2 Qg4 20. Rfe1 Rbc8 21. Qc2 Ng6
22. h3 Qe6 23. c4 c6 24. c5 h6 25. Qa2 Nf8 26. a4 Qe7 27. Rad1 Qc7 28. g3 Ne6
29. h4 Rxd1 30. Rxd1 Rd8 31. Qb3 Rd7 32. Kf1 Qd8 33. Rxd7 Qxd7 34. Ke2 h5 35.
axb5 axb5 36. Qd3 Qxd3+ 37. Kxd3 g6 38. Bd2 Bg7 39. Ne1 Kf8 40. Ng2 Ke7 41. f3
f5 42. Bc3 Bf6 43. Ke2 fxe4 44. fxe4 g5 45. hxg5 Nxg5 46. Ke3 Nf7 47. Ne1 1/2-1/2

[Event "TCh-TUR Super League 2014"]
[Site "Kocaeli TUR"]
[Date "2014.08.20"]
[Round "3.5"]
[Board "4"]
[White "Yilmazyerli, Mert"]
[Black "Selbes, Tarik"]
[Result "1-0"]
[WhiteTitle "FM"]
[BlackTitle "FM"]
[WhiteElo "2454"]
[BlackElo "2289"]
[WhiteTeam "T.S. Alyans Satranc Spor Kulubu"]
[BlackTeam "Ankara Demirspor Kulubu"]
[WhiteFideId "6305962"]
[BlackFideId "6302513"]
[EventDate "2014.08.18"]

1. e4 g6 2. d4 Bg7 3. Nc3 d6 4. f4 e6 5. Nf3 Ne7 6. Bd3 a6 7. O-O b5 8. a4 b4 9.
Ne2 Nd7 10. Qe1 c5 11. c3 bxc3 12. bxc3 cxd4 13. cxd4 Nf6 14. e5 Nfd5 15. Ng3
O-O 16. Ne4 dxe5 17. fxe5 f5 18. Nc5 Nc6 19. Bc4 f4 20. Qe4 Rb8 21. Bxa6 Bxa6
22. Nxa6 Rb6 23. Nc5 Nc3 24. Qd3 Nxd4 25. Nxd4 Bxe5 26. Nc2 f3 27. gxf3 Rd6 28.
Qc4 Rf5 29. Nxe6 Qb6+ 30. Be3 Qc6 31. Qxc6 Rxc6 32. Ncd4 Rd6 33. Nxf5 gxf5 34.
Nc5 f4 35. Bf2 Ne2+ 36. Kh1 Rd5 37. Rad1 Nc3 38. Rxd5 Nxd5 39. a5 1-0

[Event "TCh-TUR Super League 2014"]
[Site "Kocaeli TUR"]
[Date "2014.08.20"]
[Round "3.5"]
[Board "5"]
[White "Tuncer, Ufuk"]
[Black "Arduman, Can"]
[Result "1/2-1/2"]
[WhiteTitle "FM"]
[BlackTitle "IM"]
[WhiteElo "2341"]
[BlackElo "2347"]
[WhiteTeam "Ankara Demirspor Kulubu"]
[BlackTeam "T.S. Alyans Satranc Spor Kulubu"]
[WhiteFideId "6300847"]
[BlackFideId "6300022"]
[EventDate "2014.08.18"]

1. d4 Nf6 2. Nf3 d5 3. c4 c6 4. e3 e6 5. Nc3 Nbd7 6. Qc2 a6 7. Bd2 c5 8. cxd5
exd5 9. Be2 Bd6 10. O-O O-O 11. dxc5 Nxc5 12. Rfd1 Be6 13. Nd4 Rc8 14. Be1 Nfe4
15. Bf3 Qe7 16. Rac1 Rc7 17. Qe2 Nxc3 18. Bxc3 Ne4 19. Ba5 Rxc1 20. Rxc1 Nf6 21.
Qc2 Qd7 22. h3 Rc8 23. Qxc8+ Qxc8 24. Rxc8+ Bxc8 25. Bd8 Ne4 26. Bd1 Nc5 27. Bc2
g6 28. f4 Bd7 29. Bb6 Na4 30. Bxa4 Bxa4 31. b3 Bd7 32. Kf2 f6 33. g4 Kf7 34. Kf3
Bb4 35. Nc2 Bc3 36. Nd4 1/2-1/2

[Event "TCh-TUR Super League 2014"]
[Site "Kocaeli TUR"]
[Date "2014.08.20"]
[Round "3.5"]
[Board "6"]
[White "Wang, Jue"]
[Black "Sahin, Handenur"]
[Result "1-0"]
[WhiteTitle "WGM"]
[WhiteElo "2368"]
[BlackElo "1821"]
[WhiteTeam "T.S. Alyans Satranc Spor Kulubu"]
[BlackTeam "Ankara Demirspor Kulubu"]
[WhiteFideId "8604070"]
[BlackFideId "6334865"]
[EventDate "2014.08.18"]

1. e4 e5 2. Nf3 Nf6 3. Nxe5 d6 4. Nf3 Nxe4 5. Nc3 Nxc3 6. dxc3 Be7 7. Bf4 Nc6 8.
Qd2 Be6 9. O-O-O h6 10. Bb5 a6 11. Ba4 b5 12. Bb3 Bxb3 13. axb3 Bf6 14. Rhe1+
Ne7 15. g4 O-O 16. h4 Ng6 17. g5 Nxh4 18. Nxh4 hxg5 19. Nf5 gxf4 20. Rh1 Bg5 21.
f3 Qf6 22. Qh2 Bh6 23. Rdg1 Kh7 24. Rxg7+ 1-0

[Event "TCh-TUR Super League 2014"]
[Site "Kocaeli TUR"]
[Date "2014.08.20"]
[Round "3.5"]
[Board "7"]
[White "Yuksel, Atilla Koksal"]
[Black "Topak, Engin"]
[Result "1/2-1/2"]
[WhiteTitle "CM"]
[BlackTitle "FM"]
[WhiteElo "2107"]
[BlackElo "2208"]
[WhiteTeam "Ankara Demirspor Kulubu"]
[BlackTeam "T.S. Alyans Satranc Spor Kulubu"]
[WhiteFideId "6306667"]
[BlackFideId "6300324"]
[EventDate "2014.08.18"]

1. e4 Nf6 2. e5 Nd5 3. c4 Nb6 4. d4 d6 5. exd6 exd6 6. Nc3 Be7 7. h3 Nc6 8. Nf3
Bf5 9. Be3 O-O 10. Be2 d5 11. c5 Nc4 12. Bf4 b6 13. cxb6 axb6 14. O-O Nb4 15. b3
Na3 16. Ne5 f6 17. Nd3 Nbc2 18. Rc1 Nxd4 19. Bg4 c5 20. Bxf5 Nxf5 21. Qf3 Nd4
22. Qd1 Nab5 23. Nxb5 Nxb5 24. a4 Nd4 25. Be3 Ne6 26. Re1 Qd7 27. Bd2 Rfe8 28.
Qg4 Nf8 29. Qf3 Ng6 30. a5 bxa5 31. Nxc5 Bxc5 32. Rxc5 Rxe1+ 33. Bxe1 1/2-1/2

[Event "TCh-TUR Super League 2014"]
[Site "Kocaeli TUR"]
[Date "2014.08.20"]
[Round "3.5"]
[Board "8"]
[White "Soydan, Busra"]
[Black "Sasmazel, Burcu"]
[Result "1/2-1/2"]
[WhiteElo "1762"]
[BlackElo "1818"]
[WhiteTeam "T.S. Alyans Satranc Spor Kulubu"]
[BlackTeam "Ankara Demirspor Kulubu"]
[WhiteFideId "6318673"]
[BlackFideId "6319106"]
[EventDate "2014.08.18"]

1. e4 e5 2. Nf3 Nc6 3. d4 exd4 4. Bc4 Nf6 5. e5 d5 6. Bb5 Ne4 7. Nxd4 Bd7 8.
Bxc6 bxc6 9. O-O Bc5 10. Be3 Qe7 11. Re1 O-O 12. f3 Ng5 13. Bf2 Bb6 14. Nc3 Rfd8
15. a4 a5 16. f4 Ne6 17. Qd2 Nxd4 18. Bxd4 Qb4 19. Rad1 Bxd4+ 20. Qxd4 Qxb2 21.
Re3 Qxc2 22. Rd2 Qf5 23. g4 Qxg4+ 24. Rg3 Qe6 25. f5 Qh6 26. Rdg2 g6 27. e6 Be8
28. Ne2 Rab8 29. fxg6 Rb1+ 30. Kf2 hxg6 31. Qd3 Rb2 32. exf7+ Kf8 33. fxe8=Q+
Rxe8 34. Qf3+ Ke7 35. Qa3+ Rb4 36. Rxg6 Rf8+ 37. Ke1 Qh4+ 38. Qg3 Rb1+ 39. Kd2
Rb2+ 40. Kc1 Rf1+ 41. Kxb2 Qb4+ 42. Kc2 Qb1+ 43. Kc3 Qb4+ 44. Kc2 Qb1+ 45. Kc3
Qa1+ 1/2-1/2

[Event "TCh-TUR Super League 2014"]
[Site "Kocaeli TUR"]
[Date "2014.08.20"]
[Round "3.5"]
[Board "9"]
[White "Yaver, Faik Emre"]
[Black "Dedebas, Emre Emin"]
[Result "1/2-1/2"]
[WhiteElo "1919"]
[BlackElo "1868"]
[WhiteTeam "Ankara Demirspor Kulubu"]
[BlackTeam "T.S. Alyans Satranc Spor Kulubu"]
[WhiteFideId "6329969"]
[BlackFideId "6349005"]
[EventDate "2014.08.18"]

1. e4 c5 2. Nf3 d6 3. d4 cxd4 4. Nxd4 Nf6 5. Nc3 Bd7 6. Bc4 g6 7. Bb3 Bg7 8. f3
Na6 9. Be3 Nc5 10. Qd2 O-O 11. O-O Nxb3 12. axb3 a6 13. Nde2 Bc6 14. Nf4 Qc7 15.
Rfd1 b5 16. Nfd5 Nxd5 17. exd5 Bb7 18. Bd4 Rac8 19. Bxg7 Kxg7 20. Qd4+ Kg8 21.
Rd2 Qc5 22. Re1 Qxd4+ 23. Rxd4 Rc7 24. Re2 Rfc8 25. Kf2 Kf8 26. Ke1 Rc5 27. b4
Rc4 28. Red2 Ke8 29. Ke2 Kd7 30. Ke3 R8c7 31. f4 Rc8 32. g4 R8c7 33. h4 Kd8 34.
f5 Bc8 35. Kf4 gxf5 36. gxf5 f6 37. h5 h6 38. Re4 Rxe4+ 39. Nxe4 Bd7 40. b3 Be8
41. Kg4 Bf7 42. c3 Kd7 43. Kh4 Rc8 44. Rd3 Rc7 45. Nf2 Rc8 46. Ng4 Rh8 47. c4
Kc7 48. Re3 Kd7 49. Re2 bxc4 50. bxc4 Be8 51. Ra2 Rg8 52. Rxa6 Rg5 53. Ra7+ Kd8
54. Ra8+ Kd7 55. c5 dxc5 56. bxc5 Rxh5+ 57. Kg3 Rxf5 58. c6+ Kd6 59. Rxe8 Rxd5
60. c7 Kxc7 61. Rxe7+ Rd7 1/2-1/2

[Event "TCh-TUR Super League 2014"]
[Site "Kocaeli TUR"]
[Date "2014.08.20"]
[Round "3.5"]
[Board "10"]
[White "Ozbay, Ece"]
[Black "Kose, Ulya"]
[Result "1-0"]
[WhiteElo "1611"]
[BlackElo "1512"]
[WhiteTeam "T.S. Alyans Satranc Spor Kulubu"]
[BlackTeam "Ankara Demirspor Kulubu"]
[WhiteFideId "6351743"]
[BlackFideId "6372813"]
[EventDate "2014.08.18"]

1. e4 e5 2. Nf3 Nc6 3. Bc4 Bc5 4. c3 Nf6 5. d4 exd4 6. e5 d5 7. Bb5 Ne4 8. cxd4
Bb4+ 9. Bd2 Nxd2 10. Bxc6+ bxc6 11. Nbxd2 c5 12. a3 Bxd2+ 13. Qxd2 c4 14. O-O
O-O 15. Qc3 Rb8 16. Nd2 Be6 17. b3 c5 18. bxc4 cxd4 19. Qxd4 dxc4 20. Qc3 Qd3
21. Rac1 Rbc8 22. Rfe1 Rfd8 23. Ne4 Qxc3 24. Rxc3 Rd3 25. Kf1 Bf5 26. Rcc1 Rxa3
27. f3 c3 28. Nd6 Bd3+ 29. Kg1 Rb8 30. Ne4 Bxe4 31. Rxe4 Rab3 32. Rc4 Kf8 33.
R4xc3 Rxc3 34. Rxc3 a5 35. Ra3 Ra8 36. Kf2 Ke7 37. Ke3 Ke6 38. Ke4 h6 39. f4 a4
40. f5+ Kd7 41. Kd4 h5 42. g3 Kc6 43. Rc3+ Kb6 44. e6 fxe6 45. fxe6 a3 46. e7 a2
47. Rc1 Kb5 48. Kd5 g5 49. Ke6 a1=Q 50. Rxa1 Rxa1 51. e8=Q+ 1-0

[Event "TCh-TUR Super League 2014"]
[Site "Kocaeli TUR"]
[Date "2014.08.20"]
[Round "3.6"]
[Board "1"]
[White "Fedoseev, Vladimir3"]
[Black "Mchedlishvili, Mikheil"]
[Result "0-1"]
[WhiteTitle "GM"]
[BlackTitle "GM"]
[WhiteElo "2672"]
[BlackElo "2618"]
[WhiteTeam "Besiktas Jimnastik Kulubu"]
[BlackTeam "Tarsus Zeka Satranc Kulubu"]
[WhiteFideId "24130737"]
[BlackFideId "13600966"]
[EventDate "2014.08.18"]

1. e4 c5 2. Nf3 d6 3. d4 cxd4 4. Nxd4 Nf6 5. f3 Nc6 6. c4 e6 7. Nc3 Be7 8. Nc2
O-O 9. Be2 d5 10. cxd5 exd5 11. exd5 Nb4 12. Ne3 Bc5 13. a3 Bxe3 14. axb4 Bb6
15. Bg5 h6 16. Bh4 Re8 17. Ra4 Bd7 18. b5 a6 19. Kf1 Rc8 20. Bf2 Bxb5 21. Bxb5
axb5 22. Rb4 Qd6 23. Rxb5 Bxf2 24. Kxf2 Qf4 25. g3 Ng4+ 26. Kg1 Qe3+ 27. Kg2 Nf2
28. Qg1 Nxh1 29. Qxe3 Rxe3 30. Rxb7 Rd3 31. Kxh1 Rd2 32. Rb4 Ra8 33. Na4 Re8 34.
Re4 Rc8 35. Nc3 Rxb2 36. Re3 Rd2 37. Kg1 Kf8 38. g4 Ra8 39. Re1 Rd3 40. Ne4 Rxf3
41. d6 Rd3 42. Re2 Re8 43. Kf2 Re5 44. h4 Ke8 45. Re3 Rxe3 46. Kxe3 f5 47. gxf5
Rxf5 48. Ng3 Rd5 49. h5 Rxd6 50. Nf5 Rd7 51. Kf4 Kf7 52. Ng3 Ke6 0-1

[Event "TCh-TUR Super League 2014"]
[Site "Kocaeli TUR"]
[Date "2014.08.20"]
[Round "3.6"]
[Board "2"]
[White "Miroshnichenko, Evgenij"]
[Black "Solak, Dragan"]
[Result "1/2-1/2"]
[WhiteTitle "GM"]
[BlackTitle "GM"]
[WhiteElo "2602"]
[BlackElo "2632"]
[WhiteTeam "Tarsus Zeka Satranc Kulubu"]
[BlackTeam "Besiktas Jimnastik Kulubu"]
[WhiteFideId "14102595"]
[BlackFideId "916811"]
[EventDate "2014.08.18"]

1. e4 c5 2. Nf3 e6 3. g3 d5 4. exd5 exd5 5. d4 Nc6 6. Bg2 Bg4 7. O-O Nxd4 8.
Qe1+ Be7 9. Nxd4 cxd4 10. Qe5 Nf6 11. Qxd4 O-O 12. Nc3 Be6 13. Bf4 Qa5 14. Qd3
Rac8 15. Rfd1 Rfd8 16. Nb5 Qb6 17. Be3 Bc5 18. Bxc5 Rxc5 19. Nd4 Bg4 20. f3 Bh5
21. Qb3 Qc7 22. c3 Bg6 23. Re1 h5 24. Qd1 Qb6 25. Qd2 Rcc8 26. Bh3 Rb8 27. Kg2
Re8 28. b3 Qc5 29. a4 a6 30. Rxe8+ Rxe8 31. Re1 Re7 32. b4 Qc7 33. Rxe7 Qxe7 34.
a5 Qc7 35. Ne2 b6 36. axb6 Qxb6 37. Qd4 Qb5 38. Nf4 a5 39. bxa5 Qxa5 40. Qd2 Kh7
41. Ne2 Qb6 42. Nd4 Qb1 43. Bc8 Bd3 44. Qxd3+ Qxd3 45. Bf5+ Qxf5 46. Nxf5 g5 47.
h3 g4 48. hxg4 hxg4 49. Ne3 gxf3+ 50. Kxf3 Kg6 51. Kf4 Nh5+ 52. Kg4 Nf6+ 53. Kh4
Kh7 54. g4 Kg6 55. Nf5 Ne4 56. Ne7+ Kf6 57. Nxd5+ Ke5 58. c4 Kd4 59. g5 Nxg5 60.
Kxg5 f6+ 61. Kf5 1/2-1/2

[Event "TCh-TUR Super League 2014"]
[Site "Kocaeli TUR"]
[Date "2014.08.20"]
[Round "3.6"]
[Board "3"]
[White "Mamedov, Rauf"]
[Black "Soylu, Suat"]
[Result "1-0"]
[WhiteTitle "GM"]
[BlackTitle "IM"]
[WhiteElo "2659"]
[BlackElo "2394"]
[WhiteTeam "Besiktas Jimnastik Kulubu"]
[BlackTeam "Tarsus Zeka Satranc Kulubu"]
[WhiteFideId "13401653"]
[BlackFideId "6300065"]
[EventDate "2014.08.18"]

1. e4 e5 2. Nc3 Nf6 3. g3 Bc5 4. Bg2 a6 5. d3 d6 6. h3 O-O 7. Nge2 Nc6 8. O-O
Be6 9. Kh2 Nd7 10. f4 f6 11. f5 Bf7 12. g4 g5 13. fxg6 Bxg6 14. Bh6 Re8 15. Nd5
Nb4 16. Ne3 Bxe3 17. Bxe3 Nc6 18. Ng3 Kh8 19. h4 Rg8 20. g5 fxg5 21. Bxg5 Qe8
22. Bh3 h5 23. Qd2 Nd4 24. Be3 Kh7 25. Bxd4 exd4 26. Nf5 Qf8 27. Nxd4 Qe8 28.
Nf5 Kh8 1-0

[Event "TCh-TUR Super League 2014"]
[Site "Kocaeli TUR"]
[Date "2014.08.20"]
[Round "3.6"]
[Board "4"]
[White "Goksel, Doga Cihan"]
[Black "Atakisi, Umut"]
[Result "0-1"]
[BlackTitle "IM"]
[WhiteElo "2222"]
[BlackElo "2343"]
[WhiteTeam "Tarsus Zeka Satranc Kulubu"]
[BlackTeam "Besiktas Jimnastik Kulubu"]
[WhiteFideId "6301924"]
[BlackFideId "6301037"]
[EventDate "2014.08.18"]

1. Nf3 Nf6 2. c4 c6 3. d4 d5 4. Nc3 dxc4 5. e4 b5 6. e5 Nd5 7. a4 e6 8. axb5
Nxc3 9. bxc3 cxb5 10. Ng5 Bb7 11. Qh5 g6 12. Qg4 Be7 13. Be2 Bd5 14. Bf3 h6 15.
Nh3 Bxf3 16. Qxf3 Nd7 17. Qc6 b4 18. Nf4 Qc8 19. Qe4 Nb6 20. Ra5 g5 21. Nh5 Nd5
22. O-O Nxc3 23. Qf3 Rg8 24. Rc5 Bxc5 25. Nf6+ Kf8 26. dxc5 Rg6 27. c6 Nd5 28.
Rd1 Qxc6 29. h4 gxh4 30. Ne4 Nc3 31. Rd4 Nxe4 32. Rxe4 Rd8 33. Be3 Qd5 34. Kh2
Kg8 35. Qf4 b3 36. f3 b2 37. Rxc4 b1=Q 0-1

[Event "TCh-TUR Super League 2014"]
[Site "Kocaeli TUR"]
[Date "2014.08.20"]
[Round "3.6"]
[Board "5"]
[White "Apaydin, Fethi"]
[Black "Ozkan, Ervin"]
[Result "0-1"]
[WhiteTitle "FM"]
[WhiteElo "2294"]
[BlackElo "2215"]
[WhiteTeam "Besiktas Jimnastik Kulubu"]
[BlackTeam "Tarsus Zeka Satranc Kulubu"]
[WhiteFideId "6302521"]
[BlackFideId "6306004"]
[EventDate "2014.08.18"]

1. e4 e5 2. Nc3 Nf6 3. Bc4 Nxe4 4. Qh5 Nd6 5. Bb3 Be7 6. Nf3 Nc6 7. Nxe5 O-O 8.
O-O Nxe5 9. Qxe5 Bf6 10. Qf4 Bg5 11. Qg4 Ne8 12. f4 Be7 13. f5 c6 14. d4 d5 15.
Ne2 Nf6 16. Qf3 b6 17. Ng3 Re8 18. Bf4 Bd6 19. Bg5 h6 20. Bh4 Bxg3 21. Qxg3 Ne4
22. Qf4 Qd6 23. Qxd6 Nxd6 24. f6 Nf5 25. Bf2 gxf6 26. g4 Ng7 27. Bh4 Re4 28. h3
Bxg4 29. Bxf6 Bxh3 30. Rf2 Be6 31. Rg2 Rg4 32. Rxg4 Bxg4 33. Kf2 Re8 34. c3 Re2+
35. Kg3 Nh5+ 36. Kxg4 Nxf6+ 37. Kf5 Ne8 38. Rg1+ Kf8 39. Rh1 Re6 40. Bc2 Ke7 0-1

[Event "TCh-TUR Super League 2014"]
[Site "Kocaeli TUR"]
[Date "2014.08.20"]
[Round "3.6"]
[Board "6"]
[White "Gvetadze, Sofio"]
[Black "Ozturk, Kubra"]
[Result "0-1"]
[WhiteTitle "IM"]
[BlackTitle "WGM"]
[WhiteElo "2361"]
[BlackElo "2291"]
[WhiteTeam "Tarsus Zeka Satranc Kulubu"]
[BlackTeam "Besiktas Jimnastik Kulubu"]
[WhiteFideId "13601440"]
[BlackFideId "6302599"]
[EventDate "2014.08.18"]

1. Nf3 Nf6 2. d3 d5 3. Nbd2 g6 4. e4 dxe4 5. dxe4 Bg7 6. Bc4 Nc6 7. O-O O-O 8.
c3 Nh5 9. Re1 Na5 10. Bf1 c5 11. Qc2 Qc7 12. Nc4 Nxc4 13. Bxc4 Bg4 14. Ng5 Bd7
15. a4 e6 16. Be3 b6 17. Nf3 Bc6 18. Bb5 Nf6 19. Bxc6 Qxc6 20. Bg5 a6 21. Rad1
Qc7 22. Bxf6 Bxf6 23. e5 Be7 24. Qe4 b5 25. h4 Rfd8 26. h5 Rxd1 27. Qxa8+ Qd8
28. Qxa6 Rxe1+ 29. Nxe1 Qd1 30. Kf1 bxa4 31. hxg6 hxg6 32. Qc4 Bg5 33. Qe2 Qc1
34. g3 Bd2 35. f4 Kg7 36. Kf2 Bxe1+ 37. Qxe1 Qxb2+ 38. Kf3 a3 39. Qd1 Qxc3+ 40.
Kg4 Qd4 41. Qb3 Qb2 42. Qd3 a2 43. Qd8 Qe2+ 44. Kh3 a1=Q 45. Qf6+ Kg8 46. Qd8+
Kh7 47. Qh4+ Qh5 0-1